00794nam a2200181 a 450000100100000000500170001000800410002704000250006810000250009324501850011826000770030330000270038050000780040770000340048570000450051970000230056470000250058700003333820240305125107.0110824s19uu dr a 000 0 spa d aDO-SdBNPbspacBNPHU1 aVela Zanetti, José10aJosé Vela Zanetti /cselección y composición de Aida Cartagena Portolatín ; con estudios de Antonio Fernández Spencer ; poemas de Bernardo Clariana y Víctoriano Cremer. aCiudad Trujillo, República Dominicana :bEditorial el Caribe,c[195u]. a98 p. :bil. ;c30 cm. aTres notas críticas de Dario Suro Horia Tanasescu y Manuel Valladeperez1 aCaratagena Portolatín, Aida1 aFernández Spencer, Antonio,d1922-19951 aClariana, Bernardo1 aCremer, Víctoriano